[Event "Dortmund Sparkassen op-B 47th"]
[Site "Dortmund"]
[Date "2019.07.19"]
[Round "7"]
[White "Barth, Hans Joachim"]
[Black "Heiduk, Christopher"]
[Result "1/2-1/2"]
[WhiteElo "1722"]
[BlackElo "1449"]
[PlyCount "80"]
[EventDate "2019.07.13"]
[EventType "swiss"]
[EventRounds "9"]
[EventCountry "GER"]
[SourceTitle "CBM 192 Extra"]
[Source "Chessbase"]
[SourceDate "2019.11.06"]
[SourceVersion "1"]
[SourceVersionDate "2019.11.06"]
[SourceQuality "1"]

1. e4 c6 2. d4 d5 3. e5 Bf5 4. Nf3 e6 5. Be2 Ne7 6. 0-0 h6 7. Nbd2 Nd7 8. Nb3 Qc7 9. a4 c5 10. dxc5 Nc6 11. Nbd4 Nxd4 12. Nxd4 Qxe5 13. Nxf5 Qxf5 14. b4 a6 15. Bb2 Be7 16. Bd3 Qf4 17. Qe1 Bf6 18. Bxf6 Nxf6 19. Qe2 Qxb4 20. Rfb1 Qxc5 21. Rxb7 0-0 22. Rab1 a5 23. h3 Qa3 24. Bb5 Ne4 25. Qe1 Rfc8 26. Rb3 Qa2 27. Rf3 Nf6 28. c3 Qc2 29. Qe5 Rf8 30. Rg3 Qf5 31. Qc7 e5 32. Re3 e4 33. Qb6 Qe6 34. Qd4 Rfb8 35. Rxb8+ Rxb8 36. Qa7 Qb6 37. Qe7 Rc8 38. Qe5 Qd6 39. Qd4 Qb6 40. Qd1 Qc5 1/2-1/2

[Event "Ruhrgebiet Verbandsklasse Gruppe 2 1718"]
[Site "Germany"]
[Date "2018.03.18"]
[Round "8.5"]
[White "Belitz, Marco"]
[Black "Barth, Hans Joachim"]
[Result "1-0"]
[WhiteElo "1847"]
[BlackElo "1677"]
[PlyCount "51"]
[EventDate "2017.09.17"]
[EventType "team-tourn"]
[EventRounds "9"]
[EventCountry "GER"]
[SourceTitle "EXT 2022"]
[Source "ChessBase"]
[SourceDate "2021.10.06"]
[SourceVersion "1"]
[SourceVersionDate "2021.10.06"]
[SourceQuality "1"]
[WhiteTeam "Kirchhellen SF"]
[BlackTeam "Hoentrop SG"]
[WhiteTeamCountry "GER"]
[BlackTeamCountry "GER"]

1. e4 g6 2. d4 Bg7 3. Nc3 d6 4. h4 h5 5. Be3 c6 6. Be2 Nf6 7. f3 b5 8. Qd2 Be6 9. Nh3 Nbd7 10. Ng5 Nb6 11. Nxe6 fxe6 12. 0-0-0 Nc4 13. Bxc4 bxc4 14. Ne2 Qb6 15. Nf4 Bh6 16. Nxe6 c3 17. Qxc3 Rb8 18. Bxh6 Rxh6 19. b3 a5 20. Qd2 Rh8 21. Qg5 Rg8 22. Rhe1 Qb4 23. a4 Qc3 24. Re3 Qa1+ 25. Kd2 Qxd4+ 26. Nxd4 1-0

[Event "Dortmund Sparkassen op-A"]
[Site "Dortmund"]
[Date "2014.07.18"]
[Round "7"]
[White "Hoffmann, Philipp"]
[Black "Barth, Hans Joachim"]
[Result "0-1"]
[WhiteElo "1907"]
[BlackElo "1872"]
[PlyCount "66"]
[EventDate "2014.07.12"]
[EventType "swiss"]
[EventRounds "9"]
[EventCountry "GER"]
[SourceTitle "CBM 161 Extra"]
[Source "ChessBase"]
[SourceDate "2014.08.29"]
[SourceVersion "1"]
[SourceVersionDate "2014.08.29"]
[SourceQuality "1"]

1. e4 g6 2. d4 Bg7 3. Nc3 d6 4. Be3 a6 5. Qd2 b5 6. a3 Bb7 7. f3 Nd7 8. d5 e6 9. Nge2 Ngf6 10. Nf4 exd5 11. exd5 0-0 12. 0-0-0 Re8 13. h4 Qe7 14. Re1 Nb6 15. Bxb5 axb5 16. Bxb6 Qd7 17. Be3 b4 18. Nb1 bxa3 19. Nxa3 c5 20. c4 Ba6 21. Qc2 Reb8 22. Re2 Ne8 23. Nd3 Bc8 24. Nb1 Ra1 25. Kd2 Qa7 26. Ke1 Bf5 27. Bc1 Bd4 28. g4 Bxd3 29. Qxd3 Qa2 30. Kf1 Qxb1 31. Rc2 Rxb2 32. Qe4 Qxc2 33. Qxe8+ Kg7 0-1

[Event "Dortmund Sparkassen op-A"]
[Site "Dortmund"]
[Date "2014.07.17"]
[Round "6"]
[White "Barth, Hans Joachim"]
[Black "Hartung, Thomas"]
[Result "1/2-1/2"]
[WhiteElo "1872"]
[BlackElo "1963"]
[PlyCount "55"]
[EventDate "2014.07.12"]
[EventType "swiss"]
[EventRounds "9"]
[EventCountry "GER"]
[SourceTitle "CBM 161 Extra"]
[Source "ChessBase"]
[SourceDate "2014.08.29"]
[SourceVersion "1"]
[SourceVersionDate "2014.08.29"]
[SourceQuality "1"]

1. e4 e5 2. Nf3 Nc6 3. Bb5 a6 4. Bxc6 dxc6 5. d4 exd4 6. Qxd4 Qxd4 7. Nxd4 Nf6 8. f3 c5 9. Ne2 Bd7 10. Bg5 Be7 11. Nbc3 h6 12. Bh4 c6 13. Na4 Be6 14. Nb6 Rd8 15. Bg3 0-0 16. Bc7 Rde8 17. Nf4 Bc8 18. e5 Nd7 19. Nxd7 Bxd7 20. 0-0-0 Bf5 21. h4 g5 22. Nh5 gxh4 23. Nf6+ Bxf6 24. exf6 Re2 25. Rd2 Rfe8 26. Rxh4 Re1+ 27. Rd1 R1e2 28. Rd2 1/2-1/2

[Event "Dortmund Sparkassen op-A"]
[Site "Dortmund"]
[Date "2014.07.16"]
[Round "5"]
[White "Hahn, Matthias"]
[Black "Barth, Hans Joachim"]
[Result "1-0"]
[WhiteElo "2047"]
[BlackElo "1872"]
[PlyCount "97"]
[EventDate "2014.07.12"]
[EventType "swiss"]
[EventRounds "9"]
[EventCountry "GER"]
[SourceTitle "CBM 161 Extra"]
[Source "ChessBase"]
[SourceDate "2014.08.29"]
[SourceVersion "1"]
[SourceVersionDate "2014.08.29"]
[SourceQuality "1"]

1. Nf3 c5 2. c4 Nc6 3. g3 g6 4. Bg2 Bg7 5. Nc3 d6 6. d3 Nf6 7. 0-0 0-0 8. a3 Rb8 9. Ne1 Bg4 10. h3 Bd7 11. Rb1 Ne8 12. Bd2 a6 13. b4 b6 14. b5 axb5 15. Nxb5 Nc7 16. a4 Nd4 17. Nc2 Nce6 18. Ncxd4 Nxd4 19. e3 Nc6 20. Rb3 Na5 21. Ra3 h5 22. Kh2 Be5 23. f4 Bg7 24. Qe2 Bc6 25. Bxa5 Bxg2 26. Qxg2 bxa5 27. f5 g5 28. h4 Be5 29. d4 cxd4 30. exd4 Bf6 31. hxg5 Bxg5 32. Qf3 Kg7 33. Kg2 Rh8 34. Rh1 Qc8 35. Rxh5 Rxh5 36. Qxh5 Qxf5 37. Rf3 Qc2+ 38. Rf2 Qe4+ 39. Qf3 Qxf3+ 40. Kxf3 f5 41. c5 dxc5 42. dxc5 e5 43. c6 Rc8 44. c7 Kg6 45. Rc2 e4+ 46. Kf2 f4 47. Nd6 e3+ 48. Kf3 e2 49. Kxe2 1-0

[Event "Dortmund Sparkassen op-A"]
[Site "Dortmund"]
[Date "2014.07.12"]
[Round "1"]
[White "Pauly, Carlo"]
[Black "Barth, Hans Joachim"]
[Result "1-0"]
[WhiteElo "2161"]
[BlackElo "1872"]
[PlyCount "79"]
[EventDate "2014.07.12"]
[EventType "swiss"]
[EventRounds "9"]
[EventCountry "GER"]
[SourceTitle "CBM 161 Extra"]
[Source "ChessBase"]
[SourceDate "2014.08.29"]
[SourceVersion "1"]
[SourceVersionDate "2014.08.29"]
[SourceQuality "1"]

1. d4 Nf6 2. c4 c5 3. d5 b5 4. cxb5 a6 5. bxa6 Bxa6 6. Nc3 g6 7. f4 Bg7 8. Nf3 d6 9. e4 Bxf1 10. Rxf1 Qb6 11. e5 dxe5 12. fxe5 Ng4 13. d6 exd6 14. Qxd6 Qxd6 15. exd6 0-0 16. Bf4 Re8+ 17. Kd2 Nc6 18. Rae1 Red8 19. a3 Nf6 20. Nb5 Rab8 21. a4 Nd5 22. Bg5 f6 23. Be3 Na5 24. Kc2 Nb4+ 25. Kb1 Nb3 26. Nd2 Nxd2+ 27. Bxd2 Nd3 28. Re7 Rxd6 29. Nxd6 Rxb2+ 30. Ka1 Bf8 31. Re8 Rxd2 32. Rxf6 Rd1+ 33. Ka2 Nb4+ 34. Kb3 Rxd6 35. Rxd6 Kf7 36. Rdd8 Be7 37. Rc8 Nd5 38. a5 Nf6 39. Rxe7+ Kxe7 40. a6 1-0

[Event "Dortmund Sparkassen op-B"]
[Site "Dortmund"]
[Date "2013.07.30"]
[Round "4"]
[White "Stratmann, Lars"]
[Black "Barth, Hans Joachim"]
[Result "0-1"]
[WhiteElo "1519"]
[BlackElo "1877"]
[PlyCount "65"]
[EventDate "2013.07.27"]
[EventType "swiss"]
[EventRounds "9"]
[EventCountry "GER"]
[SourceTitle "EXT 2022"]
[Source "ChessBase"]
[SourceDate "2021.10.06"]
[SourceVersion "1"]
[SourceVersionDate "2021.10.06"]
[SourceQuality "1"]

1. c4 Nf6 2. g3 e5 3. Bg2 c6 4. Nc3 Bb4 5. Nf3 e4 6. Ng5 Bxc3 7. bxc3 d5 8. cxd5 cxd5 9. Ba3 Nc6 10. 0-0 h6 11. Nh3 Ne7 12. Qa4+ Qd7 13. Qxd7+ Bxd7 14. Rab1 b6 15. Rfc1 Rc8 16. e3 g5 17. Bf1 Ng6 18. c4 Ne5 19. Bb2 Nf3+ 20. Kg2 Ke7 21. cxd5 Rhd8 22. d6+ Ke6 23. Rc7 Nxd2 24. Rbc1 Nd5 25. Rxa7 Nxf1 26. Kxf1 Rxc1+ 27. Bxc1 Kxd6 28. Ng1 Rc8 29. Ba3+ Ke6 30. Kg2 Rc2 31. Bf8 Nxe3+ 32. Kh1 Ng4 33. Nh3 0-1

[Event "Dortmund Sparkassen op-B"]
[Site "Dortmund"]
[Date "2013.07.29"]
[Round "3"]
[White "Barth, Hans Joachim"]
[Black "Brinkmann, Fabian"]
[Result "0-1"]
[WhiteElo "1877"]
[BlackElo "1822"]
[PlyCount "48"]
[EventDate "2013.07.27"]
[EventType "swiss"]
[EventRounds "9"]
[EventCountry "GER"]
[SourceTitle "EXT 2022"]
[Source "ChessBase"]
[SourceDate "2021.10.06"]
[SourceVersion "1"]
[SourceVersionDate "2021.10.06"]
[SourceQuality "1"]

1. e4 c6 2. d4 d5 3. exd5 cxd5 4. c4 Nf6 5. Nc3 Nc6 6. Nf3 Bg4 7. cxd5 Nxd5 8. Qb3 Bxf3 9. gxf3 e6 10. Qxb7 Nxd4 11. Bb5+ Nxb5 12. Qc6+ Ke7 13. Nxd5+ Qxd5 14. Qxd5 exd5 15. Be3 d4 16. Bf4 Kf6 17. a4 Bb4+ 18. Kf1 Nd6 19. Rd1 Nf5 20. Rg1 h6 21. Rg4 Rac8 22. Bc1 Rhe8 23. Rf4 Rc2 24. Kg2 Be1 0-1

[Event "Dortmund Sparkassen op-B"]
[Site "Dortmund"]
[Date "2012.07.19"]
[Round "6"]
[White "Bosbach, Jens"]
[Black "Barth, Hans Joachim"]
[Result "1/2-1/2"]
[WhiteElo "1829"]
[BlackElo "1658"]
[PlyCount "57"]
[EventDate "2012.07.14"]
[EventType "swiss"]
[EventRounds "9"]
[EventCountry "GER"]
[SourceTitle "EXT 2014"]
[Source "ChessBase"]
[SourceDate "2013.11.20"]
[SourceVersion "1"]
[SourceVersionDate "2013.11.20"]
[SourceQuality "1"]

1. d4 c5 2. e3 d5 3. Nf3 Nf6 4. c3 Nbd7 5. Nbd2 Qc7 6. Qc2 e5 7. dxe5 Nxe5 8. Nxe5 Qxe5 9. Nf3 Qc7 10. b3 Bg4 11. Bb5+ Nd7 12. Be2 Bd6 13. h3 Bh5 14. Qf5 Nf6 15. Bb5+ Ke7 16. Qc2 a6 17. Be2 Rhe8 18. Bb2 Kf8 19. 0-0 b5 20. a4 c4 21. axb5 Bg6 22. Qd2 axb5 23. Nh4 Be4 24. f3 Bh2+ 25. Kh1 Nh5 26. f4 Bg3 27. Bxh5 Bxh4 28. bxc4 dxc4 29. Bf3 1/2-1/2

[Event "Ruhrgebiet-ch Seniors 18th"]
[Site "Essen"]
[Date "2011.04.06"]
[Round "6"]
[White "Dahlhaus, Friedhelm"]
[Black "Barth, Hans Joachim"]
[Result "1-0"]
[WhiteElo "1979"]
[BlackElo "1762"]
[PlyCount "57"]
[EventDate "2011.03.28"]
[EventType "swiss"]
[EventRounds "9"]
[EventCountry "GER"]
[SourceTitle "EXT 2012"]
[Source "ChessBase"]
[SourceDate "2011.11.24"]
[SourceVersion "1"]
[SourceVersionDate "2011.11.24"]
[SourceQuality "1"]

1. e4 c5 2. Nf3 d6 3. d4 cxd4 4. Nxd4 Nf6 5. Nc3 g6 6. Be3 Bg7 7. f3 Nc6 8. Qd2 0-0 9. Bc4 Bd7 10. 0-0-0 Rc8 11. Bb3 Ne5 12. h4 h5 13. Kb1 Nc4 14. Bxc4 Rxc4 15. Nde2 b5 16. Bh6 b4 17. Bxg7 Kxg7 18. Nd5 Nxd5 19. Qxd5 Qc7 20. Qd2 Rc8 21. Rc1 Be6 22. Nf4 Bd7 23. Rhd1 Qa5 24. b3 R4c6 25. Nd5 Rb8 26. Nxe7 Ra6 27. c4 Kf8 28. Nd5 Qd8 29. Qd4 1-0

[Event "Dortmund Sparkassen op-B"]
[Site "Dortmund"]
[Date "2010.07.22"]
[Round "6"]
[White "Barth, Hans Joachim"]
[Black "Puetter, Pascal"]
[Result "1/2-1/2"]
[WhiteElo "1719"]
[BlackElo "1971"]
[PlyCount "44"]
[EventDate "2010.07.17"]
[EventType "swiss"]
[EventRounds "9"]
[EventCountry "GER"]
[SourceTitle "EXT 2014"]
[Source "ChessBase"]
[SourceDate "2013.11.20"]
[SourceVersion "1"]
[SourceVersionDate "2013.11.20"]
[SourceQuality "1"]

1. e4 e6 2. d4 d5 3. e5 c5 4. c3 Nc6 5. Nf3 Nh6 6. Bxh6 gxh6 7. Bd3 cxd4 8. cxd4 Bd7 9. Nbd2 Nb4 10. Qb3 Nxd3+ 11. Qxd3 Bg7 12. Qb3 Bc6 13. 0-0 0-0 14. Ne1 f6 15. f4 fxe5 16. fxe5 Rxf1+ 17. Nxf1 Qe7 18. Ng3 Be8 19. Nd3 Bg6 20. Rc1 Rf8 21. Qc3 h5 22. Rf1 Rxf1+ 1/2-1/2

[Event "Dortmund Sparkassen op-B"]
[Site "Dortmund"]
[Date "2008.07.06"]
[Round "9"]
[White "Barth, Hans Joachim"]
[Black "Grube, Frank"]
[Result "0-1"]
[WhiteElo "1779"]
[BlackElo "1880"]
[PlyCount "76"]
[EventDate "2008.06.30"]
[EventType "swiss"]
[EventRounds "9"]
[EventCountry "GER"]
[SourceTitle "EXT 2022"]
[Source "ChessBase"]
[SourceDate "2021.10.06"]
[SourceVersion "1"]
[SourceVersionDate "2021.10.06"]
[SourceQuality "1"]

1. e4 c5 2. Nf3 e6 3. d4 cxd4 4. Nxd4 a6 5. Bd3 Qc7 6. 0-0 Nf6 7. Qe2 Nc6 8. Nxc6 dxc6 9. f4 e5 10. f5 Bc5+ 11. Kh1 h5 12. Be3 Qb6 13. Bxc5 Qxc5 14. Qf2 Qxf2 15. Rxf2 b5 16. b4 Bb7 17. Nd2 a5 18. bxa5 Rxa5 19. Nb3 Ra7 20. Nc5 Ke7 21. c4 b4 22. Rb2 Kd6 23. Nb3 c5 24. Rd1 Kc6 25. Bb1 Ba6 26. Rbd2 Bxc4 27. Rd6+ Kb5 28. h3 Ra3 29. Nd2 Bxa2 30. Bd3+ c4 31. Bf1 Bb3 32. Rc1 Rf8 33. g4 hxg4 34. hxg4 Ba2 35. g5 Rg3 36. Bg2 Rxg5 37. Nxc4 Rh8+ 38. Kg1 Bxc4 0-1

[Event "Dortmund Sparkassen op-B"]
[Site "Dortmund"]
[Date "2008.07.02"]
[Round "4"]
[White "Barskij, Alexander"]
[Black "Barth, Hans Joachim"]
[Result "1-0"]
[WhiteElo "1887"]
[BlackElo "1779"]
[PlyCount "107"]
[EventDate "2008.06.30"]
[EventType "swiss"]
[EventRounds "9"]
[EventCountry "GER"]
[SourceTitle "EXT 2022"]
[Source "ChessBase"]
[SourceDate "2021.10.06"]
[SourceVersion "1"]
[SourceVersionDate "2021.10.06"]
[SourceQuality "1"]

1. e4 g6 2. d4 Bg7 3. Nc3 c6 4. Nf3 d5 5. h3 dxe4 6. Nxe4 Nf6 7. Nxf6+ exf6 8. Bc4 0-0 9. Be3 Bf5 10. Qd2 Be4 11. 0-0-0 Nd7 12. h4 Nb6 13. Bd3 Bxd3 14. Qxd3 Nd5 15. Bd2 b5 16. Kb1 a5 17. h5 Nb4 18. Qe4 Qd5 19. Qxd5 Nxd5 20. hxg6 fxg6 21. Rhe1 Kf7 22. Re2 b4 23. Rde1 Rfe8 24. Rxe8 Rxe8 25. Rxe8 Kxe8 26. c4 Nb6 27. b3 Kd7 28. Kc2 g5 29. g4 Ke6 30. Kd3 Bf8 31. Be3 Nc8 32. Nd2 Bd6 33. Ke4 Ne7 34. f4 gxf4 35. Bxf4 Bxf4 36. Kxf4 Ng6+ 37. Ke4 Ne7 38. Nf3 Kd6 39. Nh4 Ke6 40. Nf5 Ng6 41. Ng7+ Kf7 42. Nh5 Ne7 43. Nf4 Ng6 44. Nd3 Ne7 45. d5 cxd5+ 46. cxd5 Nc8 47. Kd4 Nd6 48. Kc5 Ne4+ 49. Kc6 Ke7 50. Kc7 f5 51. gxf5 h5 52. Nf4 Nf6 53. d6+ Ke8 54. Nxh5 1-0

[Event "Dortmund Sparkassen op-B"]
[Site "Dortmund"]
[Date "2008.07.01"]
[Round "3"]
[White "Barth, Hans Joachim"]
[Black "Yin, Stanley"]
[Result "1/2-1/2"]
[WhiteElo "1779"]
[BlackElo "1892"]
[PlyCount "56"]
[EventDate "2008.06.30"]
[EventType "swiss"]
[EventRounds "9"]
[EventCountry "GER"]
[SourceTitle "EXT 2022"]
[Source "ChessBase"]
[SourceDate "2021.10.06"]
[SourceVersion "1"]
[SourceVersionDate "2021.10.06"]
[SourceQuality "1"]

1. e4 c6 2. d4 Na6 3. Nf3 g6 4. Nc3 Nc7 5. a4 Bg7 6. Bc4 Nf6 7. Bb3 d6 8. 0-0 Bg4 9. Bg5 0-0 10. h3 Bxf3 11. Qxf3 Ne6 12. Be3 Nd7 13. Rfd1 c5 14. Bxe6 fxe6 15. Qg4 cxd4 16. Qxe6+ Kh8 17. Bxd4 Bxd4 18. Rxd4 Qb6 19. Rad1 Qxb2 20. Qxd7 Qxc3 21. Qxe7 Qxc2 22. R4d2 Qxa4 23. Rxd6 Rae8 24. Qxb7 Rxe4 25. Rd7 Re7 26. Qb2+ Kg8 27. R7d4 Qe8 28. Qa2+ Kh8 1/2-1/2